Phamaceutical analysis/ (Record no. 8839)
[ view plain ]
| 000 -LEADER | |
|---|---|
| fixed length control field | 00441nam a22001577a 4500 |
| 008 - FIXED-LENGTH DATA ELEMENTS--GENERAL INFORMATION | |
| fixed length control field | 221101b ||||| |||| 00| 0 eng d |
| 020 ## - INTERNATIONAL STANDARD BOOK NUMBER | |
| International Standard Book Number | 9780702078071 |
| 082 ## - DEWEY DECIMAL CLASSIFICATION NUMBER | |
| Edition number | 23 |
| Classification number | 615.19 |
| 100 ## - MAIN ENTRY--PERSONAL NAME | |
| Personal name | Watson, David G._ |
| 245 ## - TITLE STATEMENT | |
| Title | Phamaceutical analysis/ |
| 250 ## - EDITION STATEMENT | |
| Edition statement | 5th. |
| 260 ## - PUBLICATION, DISTRIBUTION, ETC. (IMPRINT) | |
| Place of publication, distribution, etc. | Edinburgh, |
| Name of publisher, distributor, etc. | Elsevier: |
| Date of publication, distribution, etc. | 2021. |
| 300 ## - PHYSICAL DESCRIPTION | |
| Extent | vi, 449p.;ill. |
| Other physical details | Includes index |
| Dimensions | 25 cm. |
| 650 ## - SUBJECT ADDED ENTRY--TOPICAL TERM | |
| Source of heading or term | Drugs-Analysis |
| Form subdivision | Pharmaceutical chemistry |
| 942 ## - ADDED ENTRY ELEMENTS (KOHA) | |
| Source of classification or shelving scheme | Dewey Decimal Classification |
| Koha item type | Book |
| Withdrawn status | Lost status | Source of classification or shelving scheme | Damaged status | Not for loan | Home library | Current library | Source of acquisition | Inventory number | Total Checkouts | Full call number | Barcode | Date last seen | Price effective from | Koha item type |
|---|---|---|---|---|---|---|---|---|---|---|---|---|---|---|
| Dewey Decimal Classification | Main Library West Wing | Main Library West Wing | Purchase (2022) | 0040873 | 615.19 WAT | GU-MLW22110042 | 01/11/2022 | 01/11/2022 | Book | |||||
| Dewey Decimal Classification | Main Library West Wing | Main Library West Wing | Purchase (2022) | 0040872 | 615.19 WAT | GU-MLW22110043 | 01/11/2022 | 01/11/2022 | Book |
